Statistiques concernant États de l'Empire Allemand sur une carte

Cliquez ici pour prendre le quiz!

Statistiques générales

  • Ce quiz a été pris 340 fois
  • Le résultat moyen est 10 sur 26

Réponses sur la Carte

Les réponses sont colorées sur une échelle allant du rouge au vert en fonction du pourcentage des utilisateurs qui les ont devinées à leur premier essai. Vous pouvez retrouver ces pourcentages ci-dessous.
 

Statistiques - réponses

Réponse% Correct
Royaume de Prusse
96%
Royaume de Bavière
93%
Royaume de Saxe
81%
Alsace-Lorraine
70%
Ville libre de Hambourg
70%
Grand-Duché de Bade
68%
Royaume de Wurtemberg
64%
Ville libre de Brême
61%
Grand-Duché de Hesse
51%
Duché d'Anhalt
43%
Grand-Duché d'Oldenburg
36%
Ville libre de Lübeck
31%
Duché de Brunswick
25%
Principauté de Lippe
23%
Duché de Saxe-Cobourg et Gotha
21%
Grand-Duché de Mecklembourg-Schwerin
20%
Grand-Duché de Mecklembourg-Strelitz
16%
Principauté de Waldeck-Pyrmont
15%
Duché de Saxe-Meiningen
14%
Grand-Duché de Saxe-Weimar-Eisenach
12%
Principauté de Reuss (branche aînée)
12%
Principauté de Reuss (branche cadette)
12%
Duché de Saxe-Altenbourg
11%
Principauté de Schaumbourg-Lippe
11%
Principauté de Schwarzbourg-Rudolstadt
10%
Principauté de Schwarzbourg-Sondershausen
5%

Distribution des résultats

Percentile par nombre de réponses

% des personnes avec chaque résultat

Votre développement - résultats

Vous n’avez pas pris ce quiz